No recovery till 2011 (Record no. 80560)

MARC details
000 -LEADER
fixed length control field 00844cab a22001935a 4500
001 - CONTROL NUMBER
control field L144731
008 - FIXED-LENGTH DATA ELEMENTS--GENERAL INFORMATION
fixed length control field 080806s2008 xxk f 000 0 eng d
035 ## - SYSTEM CONTROL NUMBER
System control number (Sirsi) u144731
041 0# - LANGUAGE CODE
Language code of text/sound track or separate title eng
100 1# - MAIN ENTRY--PERSONAL NAME
Personal name Cook, Lucian
245 00 - TITLE STATEMENT
Title No recovery till 2011
260 ## - PUBLICATION, DISTRIBUTION, ETC.
Date of publication, distribution, etc. 2008
490 ## - SERIES STATEMENT
Series statement Property Forecast
Volume/sequential designation 11(7) July 2008, 5-6(2)
520 ## - SUMMARY, ETC.
Summary, etc. Discusses the prospects for the UK residential sector in light of the current economic downturn. Lists various factors responsible for stagnation in the property market, including reduced access to consumer mortgages; sellers factoring in future falls and cutting their prices accordingly and a lack of confidence in the consumer finance sector.
650 24 - SUBJECT ADDED ENTRY--TOPICAL TERM
Topical term or geographic name entry element CREDIT CRUNCH
651 #4 - SUBJECT ADDED ENTRY--GEOGRAPHIC NAME
Geographic name United Kingdom
Chronological subdivision
690 ## - LOCAL SUBJECT ADDED ENTRY--TOPICAL TERM (OCLC, RLIN)
Topical term or geographic name as entry element PROPERTY-RESIDENTIAL PROPERTY-RESIDENTIAL PROPERTY MARKET
942 ## - ADDED ENTRY ELEMENTS (KOHA)
Suppress in OPAC 0
Holdings
Withdrawn status Lost status Source of classification or shelving scheme Damaged status Not for loan Home library Current library Shelving location Date acquired Total Checkouts Full call number Barcode Date last seen Copy number Price effective from Koha item type
    Dewey Decimal Classification     London London Journal article 06/08/2008   L144731 144731-1001 06/08/2019 1 06/08/2019 Journal article